Santa sangre = Sangue santo /
Quinto largometraje dirigido por Alejandro Jodorowsky –quien regresó a filmar a México 16 años después de La montaña sagrada (1973), aunque esta vez con financiamiento italiano-, centrado en las tempestuosas experiencias de un joven cuya infancia transcurrió en un circo, donde trabajó como mimo y ma...
Guardado en:
| Hovedforfatter: | |
|---|---|
| Andre forfattere: | , , , , , , , , , |
| Format: | |
| Sprog: | italiensk |
| Udgivet: |
Roma, Italia :
Produzioni Intersound,
1989, c1989
|
| Fag: | |
| Tags: |
Ingen Tags, Vær først til at tagge denne postø!
|
MARC
| LEADER | 00000ngm^a2200000^a^4500 | ||
|---|---|---|---|
| 001 | 000193800 | ||
| 005 | 20251020000000.0 | ||
| 009 | 20260310102654.328 | ||
| 037 | |a Acervo ITESO - Biblioteca | ||
| 041 | |a ITA | ||
| 082 | |a 850. |b JOD | ||
| 100 | |a Jodorowsky, Alejandro |e (realización) | ||
| 240 | 1 | 1 | |a [Santa sangre] |
| 245 | 1 | 0 | |a Santa sangre = |b Sangue santo / |c Realización de A. Jodorowsky. |
| 264 | 4 | |a Roma, Italia : |b Produzioni Intersound, |c 1989, c1989 | |
| 264 | 2 | |a Madrid, España : |b Vellavision [distribución], |c 2003, c2003 | |
| 300 | |a 1 DVD región 2 PAL (118 min.) : |b color + |e 1 díptico | ||
| 336 | |a imagen móvil bidimensional |b tdi |2 rdacontenido | ||
| 337 | |a video |b v |2 rdamedio | ||
| 338 | |a videodisco |b vd |2 rdasoporte | ||
| 500 | |a Traducción de: Holy Blood | ||
| 520 | |a Quinto largometraje dirigido por Alejandro Jodorowsky –quien regresó a filmar a México 16 años después de La montaña sagrada (1973), aunque esta vez con financiamiento italiano-, centrado en las tempestuosas experiencias de un joven cuya infancia transcurrió en un circo, donde trabajó como mimo y mago, entre la agresividad de su padre y el fanatismo religioso de su madre, fiel seguidora de la secta de la Santa sangre. Inmerso en un ambiente violento, presencia cómo su padre mutila los brazos a su madre, y ya mayor, se convierte en un asesino en serie que, bajo el mando de su madre, mata a todas las mujeres por las que siente atracción, como si él fuera la extensión de sus brazos. Fue exhibida en México en su versión original en inglés, con subtítulos en español, pero esta presentación en DVD contiene la versión doblada al italiano. | ||
| 520 | |a Suplementos y características especiales: 1) Galerías de carteles y fotografías de la película; 2) Pantallas de texto con biografía, filmografía y bibliografía de historietas de Alejandro Jodorowsky, así como extractos de su libro de memorias La danza de la realidad: psicomagia y psicochamanismo (2001); 3) Pantallas de texto con biografía y filmografía de la actriz mexicana Blanca Guerra, protagonista del filme, y filmografías de sus compañeros de reparto Axel Jodorowsky, Guy Stockwell, Thelma Tixou, Sabrina Dennison y Adan Jodorowsky; 4) Pantallas de texto con ficha de la película y 5) Folleto con sinopsis y ficha de la película y breve biografía de Jodorowsky. | ||
| 545 | 0 | |a Alejandro Jodorowsky (1929), polifacético creador chileno de ascendencia judía-ucraniana cuya trayectoria artística –desarrollada mayormente en Francia y en México- refleja la influencia del surrealismo y manifiesta una búsqueda esotérica. Viaja a París en 1953 y un año después se une a la compañía del célebre mimo Marcel Marceau, con la que arriba a México en 1959. Funda en París con Roland Topor y Fernando Arrabal el movimiento de vanguardia llamado Pánico, cuyo desarrollo (1962-73) coincide con sus cerca de veinte años de estancia casi ininterrumpida en México. El chileno acomete en el país una intensa actividad como director de teatro y la etapa más continua y personal de su filmografía, después de haber realizado el cortometraje La cravate [Las cabezas trocadas] (1957). La heterodoxia de sus puestas en escena y sus películas originan una serie de polémicas inusitadas en México: Fando y Lis (1961), escrita por Arrabal y La ópera del orden (1961), El juego que todos jugamos (1970) y Zaratustra (1970), basadas en textos suyos, se cuentan entre las primeras, mientras la adaptación fílmica de Fando y Lis (1967) inaugura una corriente esotérica –de breve duración- en el cine mexicano y con el peculiar western El Topo (1969) alcanza la fama mundial. Prolífico creador de historietas, en su bibliografía también figuran novelas como Las ansias carnívoras de la nada (1981), El loro de siete lenguas (1984), Donde mejor canta un pájaro (1992), El niño del jueves negro (1999) y Albina y los hombres-perro (2000) y libros en los que expone su propuesta terapéutica, no exenta de controversia, llamada psicomagia, como Psicomagia: una terapia pánica (1995) y el recuento autobiográfico La danza de la realidad: psicomagia y psicochamanismo (2001). El Festival de Cine Fantástico de Sitges le otorga en 2006 el premio honorario Máquina del Tiempo y el mismo año recibe la Orden al Mérito Artístico y Cultural Pablo Neruda. | |
| 546 | |a Doblaje al italiano | ||
| 546 | |a En italiano, con subtítulos opcionales: español, italiano | ||
| 546 | |a Doblaje opcional: español | ||
| 585 | |a Festival Internacional de Cine de Cannes (42º: 1989): Participante mexicana-italiana, sección paralela Una Cierta Mirada | ||
| 585 | |a Festival Internacional de Cine de Cannes (61º: 2008): Participante mexicana-italiana, sección retrospectiva Clásicos de Cannes | ||
| 585 | |a Festival Internacional de Cine de Locarno (69°: 2016): Participante mexicana-italiana, sección retrospectiva Historia(s) de Cine: Leopardo de Honor: Alejandro Jodorowsky | ||
| 586 | |a Mejores Películas del Cine Mexicano: Encuesta del portal Sector Cine (2020): 54ª | ||
| 649 | |a XX | ||
| 650 | |a Cineastas Chilenos | ||
| 650 | |a Asesinos en Serie en el Cine | ||
| 650 | |a Sectas Religiosas en el Cine | ||
| 650 | |a Películas de Suspenso y Terror | ||
| 650 | |a Dramas Cinematográficos | ||
| 650 | |a Surrealismo en el Cine | ||
| 650 | |a Cine Fantástico | ||
| 650 | |a Cine Italiano - |y 1980-1989 | ||
| 650 | |a Cine Italiano - |y Siglo XX | ||
| 650 | |a Circo en el Cine | ||
| 650 | |a Hospitales Psiquiátricos en el Cine | ||
| 650 | |a Complejo de Edipo | ||
| 650 | |a Ansiedad de Castración | ||
| 650 | |a Maternidad | ||
| 650 | |a Relaciones Padres-Hijos | ||
| 650 | |a Fundamentalismo Religioso | ||
| 650 | |a Psicopatología | ||
| 650 | |a Simbolismo | ||
| 650 | |a Sexualidad y Religión | ||
| 650 | |a Psicología y Religión | ||
| 650 | |a México (Ciudad) en el Cine | ||
| 650 | |a México en el Cine | ||
| 700 | |a Jodorowsky, Alejandro |e (guión) | ||
| 700 | |a Leoni, Roberto |e (guión) | ||
| 700 | |a Argento, Claudio |e (guión) | ||
| 700 | |a Nannuzzi, Daniele |e (fotógrafo) | ||
| 700 | |a Figueroa Flores, Tolita |e (vestuario) | ||
| 700 | |a Bonanni, Mauro |e (montaje) | ||
| 700 | |a Boswell, Simon |e (música) | ||
| 700 | |a Jodorowsky, Axel |e (actuación) | ||
| 700 | |a Guerra, Blanca |e (actuación) | ||
| 700 | |a Stockwell, Guy |e (actuación) | ||
| 910 | |a Fondo General | ||
| 920 | |a Audiovisuales - DVDs | ||
| 940 | |a Películas | ||
| 905 | |a 308 | ||
| 901 | |a 0900072919 |b IT2 |c DVR |u 20250521 | ||
| 901 | |a 0500125039 |b IT2 |c MIN |u 20251020 | ||
| 902 | |a https://opac.biblio.iteso.mx/vufind/Record/000193800 | ||